00540nam a2200157 i 4500001000300000100002300003245009500026260002100121040000800142041000800150942000700158008004100165999001700206856009800223952006100321bg1 aMARCINIAK, Andrzej 0aWybrane metody numeryczne rozwiązywania zagadnienia N ciał budowlanych /cA..Marciniak. aPOznań,c1989. cBPK apol cKS s pl f |000 0 pol  c29006d29006 uhttp://koha.tu.koszalin.pl/cgi-bin/koha/opac-detail.pl?biblionumber=29006yKatalog online BPK 00104070aBPKbBPKcwo35039p01609059s2016-10-08yKS